Global think tanks : (Record no. 591512)
[ view plain ]
| 000 -LEADER | |
|---|---|
| fixed length control field | 01184cam a2200337 a 4500 |
| 001 - CONTROL NUMBER | |
| control field | 16250985 |
| 005 - DATE AND TIME OF LATEST TRANSACTION | |
| control field | 20221005162219.0 |
| 008 - FIXED-LENGTH DATA ELEMENTS--GENERAL INFORMATION | |
| fixed length control field | 100525s2011 enka b 001 0 eng |
| 010 ## - LIBRARY OF CONGRESS CONTROL NUMBER | |
| LC control number | 2010021807 |
| 020 ## - INTERNATIONAL STANDARD BOOK NUMBER | |
| International Standard Book Number | 9780415779784 (hardback) |
| 020 ## - INTERNATIONAL STANDARD BOOK NUMBER | |
| International Standard Book Number | 9780415779791 (pbk.) |
| 020 ## - INTERNATIONAL STANDARD BOOK NUMBER | |
| International Standard Book Number | 9780203838273 (ebook) |
| 040 ## - CATALOGING SOURCE | |
| Original cataloging agency | DLC |
| Transcribing agency | DLC |
| Modifying agency | DLC |
| 042 ## - AUTHENTICATION CODE | |
| Authentication code | pcc |
| 050 00 - LIBRARY OF CONGRESS CALL NUMBER | |
| Classification number | H97.7 |
| Item number | .M34 2011 |
| 082 00 - DEWEY DECIMAL CLASSIFICATION NUMBER | |
| Classification number | 320.6 |
| Author Mark | MCG |
| 100 1# - MAIN ENTRY--PERSONAL NAME | |
| Personal name | McGann, James G. |
| 9 (RLIN) | 99174 |
| 245 10 - TITLE STATEMENT | |
| Title | Global think tanks : |
| Remainder of title | policy networks and governance / |
| Statement of responsibility, etc. | James G. McGann, with Richard Sabatini. |
| 260 ## - PUBLICATION, DISTRIBUTION, ETC. | |
| Place of publication, distribution, etc. | London ; |
| -- | New York : |
| Name of publisher, distributor, etc. | Routledge, |
| Date of publication, distribution, etc. | 2011. |
| 300 ## - PHYSICAL DESCRIPTION | |
| Extent | xxi, 161 p. : |
| Other physical details | ill. ; |
| Dimensions | 23 cm. |
| 490 0# - SERIES STATEMENT | |
| Series statement | Routledge global institutions ; |
| Volume/sequential designation | 47 |
| 504 ## - BIBLIOGRAPHY, ETC. NOTE | |
| Bibliography, etc. note | Includes bibliographical references (p. [143]-155) and index. |
| 650 #0 - SUBJECT ADDED ENTRY--TOPICAL TERM | |
| Topical term or geographic name entry element | Policy networks. |
| 9 (RLIN) | 99175 |
| 650 #0 - SUBJECT ADDED ENTRY--TOPICAL TERM | |
| Topical term or geographic name entry element | Policy sciences. |
| 9 (RLIN) | 5497 |
| 650 #0 - SUBJECT ADDED ENTRY--TOPICAL TERM | |
| Topical term or geographic name entry element | Research institutes. |
| 9 (RLIN) | 32851 |
| 650 #0 - SUBJECT ADDED ENTRY--TOPICAL TERM | |
| Topical term or geographic name entry element | Comparative government. |
| 9 (RLIN) | 1703 |
| 700 1# - ADDED ENTRY--PERSONAL NAME | |
| Personal name | Sabatini, Richard. |
| 9 (RLIN) | 99176 |
| 906 ## - LOCAL DATA ELEMENT F, LDF (RLIN) | |
| a | 7 |
| b | cbc |
| c | orignew |
| d | 1 |
| e | ecip |
| f | 20 |
| g | y-gencatlg |
| 942 ## - ADDED ENTRY ELEMENTS (KOHA) | |
| Source of classification or shelving scheme | |
| Koha item type | Book |
| Withdrawn status | Lost status | Source of classification or shelving scheme | Damaged status | Not for loan | Permanent Location | Current Location | Shelving location | Date acquired | Source of acquisition | Total Checkouts | Full call number | Barcode | Date last seen | Date last checked out | Price effective from | Koha item type |
|---|---|---|---|---|---|---|---|---|---|---|---|---|---|---|---|---|
| NUST Law School (NLS) | NUST Law School (NLS) | Chinese Studies | 10/05/2022 | Donated by China Embassy | 1 | 320.6 MCG | CL-D-1989 | 07/06/2023 | 06/20/2023 | 10/05/2022 | Book |
